000 00433nam a2200157Ia 4500
008 090124s9999 xx 000 0 und d
082 _b202672
245 _a श्री गणेश कोश
250 _a1
260 _c1981
300 _a686
630 _a श्री गणेश कोश
700 _aगाडगीळ अमरेंद्र.
730 _a श्री गणेश कोश
942 _cBOOK
999 _c184253
_d184253